LEADER 01138nam a2200277 i 4500 001 000000239800 003 CaOOAMICUS 005 20150319000000.0 008 150319s2004 it u000 u ita u 013 $a218705 020 $a978-88-8477-104-8 040 $aSeMil$bita 100 1 $aSerenthà, Piero.$0(OLS)http://semarc/name/81481 245 10$aSul far della sera :$bappunti e riflessioni per vivere la vecchiaia /$cPiero Serenthà, Stefano Serenthà. 260 $aSaronno :$bMonti,$c2004. 300 $a143 p. ;$c21 cm. 490 0 $aVivifamiglia 650 4$aAnziani.$0(OLS)http://semarc/subject/5643 700 1 $aSerenthà, Stefano.$0(OLS)http://semarc/name/81482 830 0$aVivifamiglia.$0(OLS)http://semarc/title/32575 850 $aSeMil 852 $aSeMil$W1$xVenegono$y1$m2E IV 355$j190146$B190146$CSeMilBibl$Z2$F200995 $81 961 $aOmaggio: Altro 996 $6020$a978-88-8477-104-8$9(OLS)http://semarc/number/245962 996 $6245$aSul far della sera :$bappunti e riflessioni per vivere la vecchiaia$9(OLS)http://semarc/title/341480 996 $6260$aSaronno :$bMonti$9(OLS)http://semarc/publisher/31680 LEADER 00510nab a2200145 i 4500 001 000000312763 003 CaOOAMICUS 005 20180831173058.0 008 180831n xx uu u0 0und r 013 $a21855 040 $aSeMil$bita 100 1 $aBernareggi, Adriano .$0(OLS)http://semarc/name/9994 245 10$aProblemi d?oggi. Il suffragio femminile. 773 0 $t[Gennaio-Giugno].$g141-164, 251-26$w()274215 996 $6245$aProblemi d?oggi. Il suffragio femminile$9(OLS)http://semarc/title/387133